000 00523nam a2200181Ia 4500
999 _c30041
_d30041
003 OSt
005 20210105085939.0
008 190216s9999||||xx |||||||||||||| ||und||
020 _a9789381788998
040 _coclc
082 _a894.8129
_bSAT/A
100 _aSatchidanandan, K
_96203
245 0 _aAnubhavam Orma Yathra /
_cK Satchidanandan
260 _bOlive Publications,
_c2013.
_aKozhikode:
300 _a288p
650 _aOormakurip
942 _cBK
_2ddc
_h894.8129
_iSAT/A
_k894.8129
_mSAT/A